Land nærmest Albania - Statistics

General Stats
  • This quiz has been taken 54 times
  • The average score is 15 of 20
Answer Stats
km land % Correct
0 Hellas
100%
467 Slovenia
93%
73 Italia
90%
574 Slovakia
90%
0 Kosovo
88%
70 Kroatia
88%
38 Serbia
88%
420 Tyrkia
85%
266 Romania
83%
357 Ungarn
83%
148 Bulgaria
80%
0 Montenegro
80%
76 Bosnia- Hercegovina
75%
0 Nord-Makedonia
70%
698 Tsjekkia
70%
532 Østerrike
68%
640 Ukraina
65%
638 Malta
53%
570 Vatikanstaten
50%
587 San Marino
45%
No matching quizzes found
Score Distribution
Percent of People with Each Score
Percentile by Number Answered
Your Score History
You have not taken this quiz